Through ecological risk assessment
Dopady vojenských operácií na ľudské zdravie, faunu a flóru, a kultúru prostredia. Charakter stresora a receptora a fyzické a chemické vlastnosti prostredia - faktory vplyvu na zdravie.
Gespeichert in:
| 1. Verfasser: | |
|---|---|
| Format: | Buchkapitel |
| Sprache: | Englisch |
| Schlagworte: | |
| Tags: |
Keine Tags, Fügen Sie das erste Tag hinzu!
|
MARC
| LEADER | 00000naa a2200000 4500 | ||
|---|---|---|---|
| 001 | 0198255 | ||
| 005 | 20231106131046.1 | ||
| 041 | 0 | |a eng | |
| 044 | |a SK | ||
| 245 | 1 | 0 | |a Through ecological risk assessment |c Sergiy Orel |
| 520 | |a Dopady vojenských operácií na ľudské zdravie, faunu a flóru, a kultúru prostredia. Charakter stresora a receptora a fyzické a chemické vlastnosti prostredia - faktory vplyvu na zdravie. | ||
| 610 | 2 | 0 | |a bezpečnosť environmentálna |
| 610 | 2 | 0 | |a zdravie |
| 610 | 2 | 0 | |a biosféra |
| 610 | 2 | 0 | |a riziko |
| 610 | 2 | 0 | |a hodnotenie fyziologické |
| 610 | 2 | 0 | |a vojenstvo |
| 610 | 2 | 0 | |a výskum vojenský |
| 100 | 1 | |a Orel, Sergiy | |